Responses for show #7302 - Tuesday, May 17, 2016

2016 Power Players Week game 2.
From DAR Constitution Hall in Washington, D.C.

Contestants

[<< previous game]

Michael Steele, a political analyst and host from MSNBC and Steele & Ungar

Lara Logan, a correspondent from 60 Minutes on CBS

Anderson Cooper, a host from AC360°

[next game >>]

Jeopardy! Round responses

MEN OF STEEL
THE CDC SAYS
JUST THE FACTS
PRESIDENTIAL MUSIC?
AROUND THE WORLD
WORDS FROM THE PORTUGUESE
    $200 17
Superman

Anderson
    $200 1
measles

Lara
    $200 16
Venus

Michael
    $400 13
(Alex: We have less than a minute to go now, Anderson.)

Stalin

Triple Stumper
    $400 8
red, white & blue

Lara
    $400 5
(Anderson: ...What is Kyoto?)
...
(Alex: And Lara, you don't have to raise your hand like you're in class every time you give a response.)
[Laughter]

Kobe

AndersonLara
    $400 7
(Alex: And that would be [*], wouldn't it?)
[Contestants groan]
(Anderson: Of course.)
(Alex: Anderson.)
(Anderson: Let's not do those anymore.)
[Laughter]

a tank

Triple Stumper
    $600 18
the Pittsburgh Steelers

Michael
    $600 6
diabetes

Anderson
    $600 9
(Lara: That's sports. We don't do sports.)
(Anderson: We don't do sports.)
(Lara: Yeah, can we have--)
(Anderson: No sports.)
(Alex: Then I will help you. It's [*].)
(Michael: There you go.)
(Anderson: Of course!)
(Michael: Yeah, we knew that.)
(Anderson: Cam!)
(Lara: But we knew that. No.)

Cam Newton

Triple Stumper
    $600 2
the Basque

Anderson
    $1,000 15
(Alex: Take a guess.)
(Anderson: Uh, I don't know. I don't even get the category.)

cobra

Anderson
    $800 19
[The end-of-round signal sounds.]

iron

Michael
    $800 10
(Lara: What is prostate cancer?)

cervical cancer

Lara
Triple Stumper
    $800 12
Wall Street

Anderson
    $800 3
Lesbos

Anderson
    $1000 11
cholera

Lara
    $1000 14
sloth

Anderson
    $1000 4
Helmand

Triple Stumper

Scores at the first commercial break (after clue 12):

Anderson Lara Michael
$2,400 $1,200 $0

Scores at the end of the Jeopardy! Round:

Anderson Lara Michael
$2,600 $1,200 $1,600

Double Jeopardy! Round responses

THE REAGAN WHITE HOUSE
PEOPLE IN HISTORY
MOVIE QUOTES
(Alex: We'll give you the quote. You ID the film for us.)
NONFICTION
I NEED
YOUR VOTE
    $400 16
Gulfstream

Anderson
    $800 18
(Alex: You got him, with less than a minute to go.)

James Brady

Anderson
    $800 6
John Brown

Anderson
    $800 5
(Lara: What is--it's Tom Cruise.)
(Alex: Yeah, but we need the title.)

Jerry Maguire

Lara
Triple Stumper
    $800 9
Michael Lewis

Anderson
    $800 1
bourbon

Lara
    $1,000 15
(Lara: What is...)
(Alex: You're doing well so far.)
(Lara: I know it's not a ballot. What is...)

straw vote (or straw poll)

Lara
    $1200 17
Social Secretary

Triple Stumper
    $1200 8
Attila the Hun

Lara
    $1200 3
Goldfinger

Lara
    $1200 10
Henrietta Lacks

Triple Stumper
    $1200 2
Sir Paul McCartney

Anderson
    $1600 19
(Anderson: Who is Alexander Haig?)

Colin Powell

Anderson
Triple Stumper
    $1600 11
King Hussein

Lara
    $1600 4
Cast Away

Triple Stumper
    $1600 13
Powerball

Lara
    $1,000 20
Elizabeth Dole

Anderson
    $2000 12
(Anderson: Who is Alexander?)
(Alex: No.)
(Anderson: Ooh!)

Pericles

Anderson
Triple Stumper
    $2000 7
Zero Dark Thirty

Triple Stumper
    $2000 21
[The end-of-round signal sounds.]

Stephen Hawking

Triple Stumper
    $2000 14
Porsche

Triple Stumper

Scores at the end of the Double Jeopardy! Round:

Anderson Lara Michael
$4,000 $5,800 $1,600

[wagering suggestions for these scores]

Final Jeopardy! Round responses

COUNTRIES OF THE WORLD
MichaelWhat is A Place Far Far away
$600
AndersonWhat is Pakistan
$3,998
LaraWhat: Pakistan
$4,000
Pakistan

Final scores:

Anderson Lara Michael
$7,998 $9,800 $1,000
2nd place: $10,000 to Spike's K9 Fund Winner: $50,000 to the Committee to Protect Journalists 3rd place: $10,000 to the Catholic Charities Susan D. Mona Center

Game dynamics:

Coryat scores:

Anderson Lara Michael
$6,000 $6,800 $1,600
12 R
(including 1 DD),
4 W
(including 1 DD)
9 R,
3 W
(including 1 DD)
3 R,
0 W

Combined Coryat: $14,400

The J! Archive is created by fans, for fans. The Jeopardy! game show and all elements thereof, including but not limited to copyright and trademark thereto, are the property of Jeopardy Productions, Inc. and are protected under law. This website is not affiliated with, sponsored by, or operated by Jeopardy Productions, Inc. Join the discussion at JBoard.tv.